Widok standardowy
Widok MARC
Pozycja Topical Term
Liczba rekordów, w których użyto hasła: 1
001 - Numer kontrolny
- control field: 38877
003 - Identyfikator numeru kontrolnego
- control field: NUKAT
005 - Data i czas ostatniej modyfikacji
- control field: 20260324102629.0
008 - Dane kontrolne kodowane (40 znaków)
- fixed length control field: 211120n||azznnbabn |a ana |c
010 ## - Numer kontrolny Biblioteki Kongresu
- numer kontrolny LC: p 2021173211
035 ## - Numer systemowy
- numer systemowy: (PL)a1000000986286
040 ## - Instytucja sporządzająca rekord
- inst. przygot. dane do rek. khw: KIEL W
- język haseł przedmiotowych/tezaurus: DBN
- inst. wprow. rek. khw: KIEL W
072 ## - Kod kategorii przedmiotu
- kod kategorii przedmiotu: 5
150 ## - Hasło - nazwa pospolita
- nazwa posp. lub nazwa geogr. na pocz.: Izby muzealne
450 ## - Trop zob. - nazwa pospolita
- nazwa posp. lub nazwa geogr. na pocz.: Izba muzealna
450 ## - Trop zob. - nazwa pospolita
- nazwa posp. lub nazwa geogr. na pocz.: Izba pamięci
450 ## - Trop zob. - nazwa pospolita
- nazwa posp. lub nazwa geogr. na pocz.: Izba tradycji
450 ## - Trop zob. - nazwa pospolita
- nazwa posp. lub nazwa geogr. na pocz.: Izby pamięci
450 ## - Trop zob. - nazwa pospolita
- nazwa posp. lub nazwa geogr. na pocz.: Izby tradycji
450 ## - Trop zob. - nazwa pospolita
- nazwa posp. lub nazwa geogr. na pocz.: Sala tradycji
450 ## - Trop zob. - nazwa pospolita
- nazwa posp. lub nazwa geogr. na pocz.: Sale tradycji
550 ## - Trop zob. też - nazwa pospolita
- podpole kontrolne: g
- nazwa posp. lub nazwa geogr. na pocz.: Muzea
550 ## - Trop zob. też - nazwa pospolita
- podpole kontrolne: h
- nazwa posp. lub nazwa geogr. na pocz.: Dom Urodzenia Generała Władysława Sikorskiego (Tuszów Narodowy ; budynek)
550 ## - Trop zob. też - nazwa pospolita
- podpole kontrolne: h
- nazwa posp. lub nazwa geogr. na pocz.: Sala muzealna Superauto.pl (Chorzów ; Stadion Śląski)